[Event "43rd Guernsey Festival 2017"]
[Site "Vale"]
[Date "2017.10.18"]
[Round "4"]
[White "Hillarp Persson, Tiger"]
[Black "Mack, Wolfgang"]
[Result "1-0"]
[WhiteElo "2517"]
[BlackElo "2149"]
[Annotator "TA"]
[PlyCount "115"]
[EventDate "2017.??.??"]
[EventType "swiss"]
[EventCountry "GCI"]
[SourceTitle "playchess.com"]
[Source "ChessBase"]
[SourceQuality "1"]

{[%evp 9,115,28,43,30,58,45,32,31,37,22,45,31,37,26,46,34,36,36,47,-45,31,31,99,64,150,150,144,122,130,95,93,47,47,47,47,45,43,51,57,37,78,79,115,95,91,38,41,12,10,0,11,17,38,36,41,0,18,0,0,0,77,40,71,71,177,20,19,19,285,82,65,54,49,49,57,57,122,71,102,43,81,45,47,47,57,43,40,49,408,387,357,339,304,304,263,263,12842,12843,12844,12844,12845,12845,12845,12845,12845,12845,12847,12847]} 1. d4 g6 2. e4 Bg7 3. Nf3 c6 4. h3 d5 5. e5 Nh6 6. Bf4 {B06: Modern Defence} f6 7. c4 $146 ({Predecessor:} 7. exf6 exf6 8. Qd2 Nf5 9. Nc3 O-O 10. O-O-O b5 11. Kb1 a5 12. Bd3 Na6 13. Rde1 Nb4 {0-1 (26) Krylov,M (2476)-Vastrukhin,O (2386) Sochi 2017}) 7... O-O 8. Nc3 {White is slightly better.} Be6 9. cxd5 cxd5 10. Qd2 {Hoping for exf6.} Nf7 11. Bb5 $36 {[%mdl 2048] White has the initiative.} Nd7 {[%cal Rf6e5]} 12. Qe2 a6 13. Ba4 b5 14. Bc2 (14. Bb3 $1 $14) 14... Re8 (14... fxe5 $15 15. dxe5 d4 16. Nxd4 Bc4) 15. O-O Nb6 (15... fxe5 $14 16. dxe5 d4 17. Nxd4 Bc4) 16. Rfe1 Bh6 (16... Nc4 $14) 17. Bxh6 $16 Nxh6 18. Bd3 Bf5 19. a4 b4 20. a5 {Bxf5 is the strong threat.} (20. Nb1 {is more complex.} Bxd3 21. Qxd3 e6 22. Nbd2 Nf7 23. exf6 a5 24. Rac1) 20... bxc3 21. Bxf5 Nxf5 22. axb6 Qxb6 23. bxc3 Qb5 24. Qd2 Rac8 25. Ra3 Kf7 26. Qa2 (26. Rea1 {keeps more tension.} Qc4 27. h4 Kg8 28. h5 gxh5 29. Rxa6 Rc6 30. R6a3) 26... Qc4 27. Qxc4 (27. Qa1 $16) 27... Rxc4 $14 28. Rb1 Rec8 29. Rbb3 R4c6 30. Kf1 Ng7 31. exf6 exf6 32. Rb7+ Kf8 33. Rd7 Rxc3 34. Rxa6 Nh5 (34... Rc1+ $11 35. Ke2 Nh5) 35. Ne1 (35. Rxd5 $2 Rc1+ 36. Ne1 Re8 $19) 35... Re8 36. g4 Rxh3 {[#]} (36... Ng3+ $16 37. fxg3 Rc1) 37. gxh5 $2 (37. Nc2 $1 $18) 37... Rh1+ $11 38. Kg2 Rhxe1 $2 {[%mdl 8192]} (38... Rexe1 $11 {and Black has nothing to worry.} 39. hxg6 (39. Rxh7 Rxh5 40. Rxf6+ Ke8 $14) (39. Rxf6+ Ke8 $14) 39... hxg6) 39. hxg6 $2 {[%mdl 4096] Endgame KRR-KRR} ({Don't do} 39. Rxh7 gxh5 40. Rxf6+ (40. Rxh5 R8e6 $16) 40... Kg8 $16) (39. Rxd5 R1e6 $11) (39. Rxf6+ $18 {is the precise move to win.} Kg8 40. Rff7 (40. Rxd5 Kg7 $16) 40... gxh5 41. Rg7+ (41. Rxh7 Rd1 $14) 41... Kh8 42. Rxh7+ Kg8 43. Rxh5) 39... R1e7 $16 {[#]} 40. gxh7 $1 {[%mdl 512]} Kg7 $1 41. Rxd5 {aiming for Kg3.} Rh8 42. Rf5 Rf7 {[#]} ({Black should play} 42... Rd7 $14) 43. Rf3 ({Better is} 43. Rf4 $1 {[%cal Rf4g4] Black must now prevent Rg4+.} Kg6 44. Rg4+ Kf5 45. Kf3) 43... Kg6 44. Rg3+ (44. Rf4 $16) 44... Kf5 $1 $14 45. Ra5+ Kf4 $1 46. Rf3+ Ke4 47. Raf5 Rg7+ 48. Kf1 {And now Ke2 would win.} Kxd4 $2 {[%mdl 8192]} (48... Rhxh7 $14 49. Ke2 (49. Rxf6 Kxd4 50. R6f4+ Ke5 $16) 49... Kxd4) 49. R3f4+ $18 Kc3 50. Rc5+ Kd3 51. Rd5+ (51. Rxf6 Rhxh7 52. Rd6+ Ke4 $16) 51... Kc3 52. Rxf6 ({Not} 52. Rc5+ Kd3 $16) 52... Kc4 $2 (52... Rgxh7 53. Ke2 Ra8) 53. Rh5 {White is clearly winning.} Kd4 54. Rf4+ Kd3 55. Rh3+ Kd2 56. Rd4+ Kc2 57. Rc4+ Kd2 58. Rhh4 {Precision: White = 38%, Black = 40%.} 1-0

[Event "43rd Guernsey Festival 2017"]
[Site "Vale"]
[Date "2017.10.18"]
[Round "4"]
[White "Johnsen, Gunnar"]
[Black "Hoogland, Dirk"]
[Result "1-0"]
[WhiteElo "2178"]
[BlackElo "2098"]
[Annotator "TA"]
[PlyCount "45"]
[EventDate "2017.??.??"]
[EventType "swiss"]
[EventCountry "GCI"]
[SourceTitle "playchess.com"]
[Source "ChessBase"]
[SourceQuality "1"]

{[%evp 13,45,25,33,27,54,53,67,50,68,60,122,129,94,110,216,104,93,64,269,253,287,156,197,183,214,173,166,156,1395,1310,2300,2223,2236,2236]} 1. d4 Nf6 2. c4 e6 3. Nc3 Bb4 4. Bg5 d5 5. cxd5 exd5 6. e3 O-O 7. Bd3 h6 8. Bh4 {D35: Queen's Gambit Declined: Exchange Variation} c5 9. Nge2 c4 (9... Nc6 10. a3 Bxc3+ 11. bxc3 c4 12. Bc2 Qd6 13. f3 Re8 14. Bf2 Ne7 15. Ng3 {½-½ (62) Yilmaz,M (2570)-Rzayev,B (2386) Cesme 2015}) 10. Bc2 {White is slightly better.} (10. Bb1 {looks sharper.} Nc6 11. a3 Ba5 12. Qc2 g6 13. O-O) 10... Re8 11. O-O {Black must now prevent Bxf6.} Bxc3 $146 ({Black should try} 11... g5 $14 12. Bg3 Nc6) ({Predecessor:} 11... g5 12. Bg3 Nc6 13. h3 a6 14. a3 Bf8 15. Qd2 {1-0 (39) Wemmers,X (2332)-Wantola,I (2363) Belgium 2015}) 12. Nxc3 $16 ({Of course not} 12. bxc3 $6 g5 $11) 12... g5 13. Bg3 a6 (13... Nc6 $16 {might work better.}) 14. a4 (14. f4 $18 {has better winning chances.}) 14... Nc6 15. f4 {aiming for fxg5.} Nb4 $2 ({But not} 15... Rxe3 $2 16. fxg5 hxg5 {[#]} 17. Rxf6 $1 $18 {[%mdl 512]}) (15... Qe7 $14) 16. fxg5 $18 hxg5 17. Be5 (17. Bf5 $18) 17... Ng4 18. Qf3 {[%csl Gf1][%cal Rf3f7] [#]} Nxe5 19. dxe5 Be6 20. Bf5 $40 {[%mdl 128] Hoping for Bxe6. Black is in trouble.} Qe7 $2 (20... Qc7 $16) 21. Qh5 {Intending Qh7+ and mate.White is clearly winning.} Qd7 22. Qh7+ Kf8 23. Bxe6 {Precision: White = 57%, Black = 16%.} 1-0

[Event "43rd Guernsey Festival 2017"]
[Site "Vale"]
[Date "2017.10.18"]
[Round "4"]
[White "Whatley, Stephen A J"]
[Black "Dilleigh, Stephen P"]
[Result "1-0"]
[WhiteElo "2159"]
[BlackElo "2063"]
[Annotator "TA"]
[PlyCount "57"]
[EventDate "2017.??.??"]
[EventType "swiss"]
[EventCountry "GCI"]
[SourceTitle "playchess.com"]
[Source "ChessBase"]
[SourceQuality "1"]

{[%evp 20,57,20,22,26,21,23,27,19,19,20,17,35,0,0,0,41,0,92,35,87,9,15,0,0,0,0,0,0,0,184,78,150,22,27,-3,991,974,1783,1770]} 1. e4 e6 2. d4 d5 3. Nd2 c5 4. exd5 Qxd5 5. Ngf3 cxd4 6. Bc4 Qd7 {C07: French Tarrasch: 3...c5, 4 Ngf3 and 4 exd5 Qxd5} (6... Qd6 7. O-O Nf6 8. Nb3 Nc6 9. Nbxd4 Nxd4 10. Nxd4 a6 11. Re1 Qc7 12. Bf1 Bd6 13. Nf5 Bxh2+ 14. Kh1 Kf8 15. Qd4 exf5 16. Qxf6 h6 17. Qd4 Bd6 18. Bd2 Be6 19. Bc3 Rh7 {0-1 (48) Karjakin,S (2781)-Caruana,F (2808) Paris 2017}) 7. O-O Nc6 8. Nb3 Nf6 9. Nbxd4 Nxd4 10. Nxd4 a6 11. Re1 {LiveBook: 55 Games} Bc5 12. c3 b5 $146 ({Predecessor:} 12... Bxd4 13. cxd4 b5 14. Bb3 {½-½ (34) Nedev,T (2481)-Istratescu,A (2605) Achaea 2017}) 13. Bb3 Bb7 14. Bg5 {[%cal Rd4e6]} Bxd4 15. cxd4 Qc6 {[%csl Gb7][%cal Rc6g2]} 16. d5 (16. f3 {is more complex.} O-O 17. Rc1 Qb6 18. Qd3 Nd5 19. Rc5) 16... Nxd5 17. Qg4 Kf8 18. Rac1 {[%mdl 1024] White has compensation.} (18. Bxd5 $5 Qxd5 19. Rad1 $14) 18... Qb6 (18... Qd6 $11 {remains equal.}) 19. Red1 (19. Bxd5 $16 Bxd5 20. Qf4) 19... Re8 (19... h5 $14 20. Qg3 Kg8) 20. Rd3 (20. Bxd5 $16 Bxd5 21. Qb4+ Kg8 22. Qe7 $3 {[%mdl 512]}) 20... h6 $11 21. Rh3 Qd6 22. Qd4 Kg8 23. Be3 Rd8 24. Rg3 $40 {[%csl Gg3][%cal Rd4g7][%mdl 128] White mounts an attack.} f6 $2 (24... g6 $11) 25. Qg4 (25. Bxd5 $1 $18 {Hoping for Qxf6.} exd5 26. Bf4) 25... Qd7 {[#]} (25... Qe7 $142) 26. Bb6 (26. Bxd5 $1 $16 exd5 27. Qf4) 26... h5 27. Qg6 {And now Bxd5 would win.} (27. Qxg7+ $5 Qxg7 28. Bxd8 $14) 27... Rh6 $2 {[%mdl 8192]} (27... Nf4 $11 28. Bxe6+ Nxe6 29. Bxd8 Nf4) 28. Qxh6 $1 $18 {Threatening mate with Bxd5.} Nxb6 {[#]} 29. Bxe6+ $1 {[%mdl 512] Precision: White = 36%, Black = 34%.} 1-0

[Event "43rd Guernsey Festival 2017"]
[Site "Vale"]
[Date "2017.10.18"]
[Round "4"]
[White "Timmermans, Ivo"]
[Black "Collier, David O"]
[Result "1-0"]
[WhiteElo "2126"]
[BlackElo "2015"]
[Annotator "TA"]
[PlyCount "81"]
[EventDate "2017.??.??"]
[EventType "swiss"]
[EventCountry "GCI"]
[SourceTitle "playchess.com"]
[Source "ChessBase"]
[SourceQuality "1"]

{[%evp 12,80,16,16,22,13,13,11,5,15,14,0,24,0,30,10,11,-106,-44,-72,-73,-81,-86,-77,-30,-33,-31,-62,0,-324,-330,-384,-260,-229,-158,-152,-153,-207,-93,-111,-62,-73,-64,-72,-80,-68,-75,-127,-154,-131,0,0,0,0,13,68,200,206,181,62,620,589,29990,29991,29991,29992,29996,29997,29998,29999,29999]} 1. e4 c5 2. Nf3 d6 3. d4 cxd4 4. Nxd4 Nf6 5. Nc3 a6 6. h3 e5 7. Nde2 h5 {B90: Sicilian Najdorf: Unusual White 6th moves, 6 Be3 Ng4 and 6 Be3 e5} 8. Bg5 (8. g3 Nbd7 9. Bg2 b5 10. Nd5 Nxd5 11. Qxd5 Qc7 12. Be3 Bb7 13. Qd2 Rc8 14. Nc3 Nb6 15. Bxb6 Qxb6 {½-½ (33) Nakamura,H (2792)-Vachier Lagrave,M (2791) Saint Louis 2017}) 8... Be6 9. g3 Be7 {The position is equal.} 10. Bg2 Nbd7 11. O-O Rc8 12. Qd2 Qc7 13. Rfe1 $146 ({Predecessor:} 13. a4 O-O 14. b3 Rfd8 15. f4 {0-1 (61) Alvarenga de Carvalho,M (2065)-Martins,V (2329) Fortaleza 2012}) 13... O-O 14. f4 (14. a4 $11) 14... b5 (14... Qb6+ $1 $17 15. Kh1 Qxb2) 15. f5 Bc4 16. Rac1 b4 17. Nd1 a5 18. b3 Ba6 $36 {[%mdl 2048] White is under pressure.} 19. Nf2 Qa7 ({Black should play} 19... Nc5 $15) 20. Bf3 $2 {[%mdl 8192] [#]} (20. c4 $11 {and White stays safe.}) 20... d5 $1 $19 {[%cal Rd5e4][%mdl 512]} 21. Kg2 (21. exd5 Bc5) 21... Bc5 22. Ng1 Bd4 {White must now prevent ...Bc3.} 23. Be3 Bxe3 24. Rxe3 (24. Qxe3 $17 d4 25. Qd2) 24... d4 (24... dxe4 $19 25. Nxe4 Nxe4 26. Bxe4 Nf6) 25. Ree1 $17 Rc7 26. g4 $1 hxg4 27. hxg4 Rfc8 28. g5 Ne8 29. Bg4 {[#]} (29. f6 $142) 29... f6 $1 30. Nf3 {[%cal Bg1f3,Bf3h4,Bh4g6][%mdl 32]} Nc5 (30... Qb7 $17 {Threatens to win with ...Rc3.} 31. Nh4 Nd6) 31. Nh4 $1 $11 ({Much worse is} 31. gxf6 gxf6 32. Qh6 Rh7 $17) 31... Qb6 32. Ng6 Nd6 33. gxf6 {aiming for Qg5.} gxf6 ({Black should try} 33... Qb7 $1 $14 34. Qg5 (34. Nxe5 gxf6 35. Qxd4 Ndxe4 $14) 34... Ndxe4) 34. Rh1 $18 ({But not} 34. Qh6 $2 Rh7 $19) 34... Nf7 35. Rh4 (35. Rh5 $18) 35... Nb7 $2 {[%mdl 8192]} (35... Ng5 $14 36. Bf3 Qd6) 36. Rch1 {Hoping for Rh8+.} Rxc2 37. Rh8+ {White mates.} Nxh8 38. Qh6 {[%csl Gh1][%cal Rh6h7]} Bf1+ 39. Kg1 {[%csl Gh1][%cal Rh6h7]} Kf7 40. Qh7+ Ke8 41. Qe7# {Precision: White = 49%, Black = 35%.} 1-0

[Event "43rd Guernsey Festival 2017"]
[Site "Vale"]
[Date "2017.10.18"]
[Round "4"]
[White "Hamperl, Fred"]
[Black "Munshi, Aditya"]
[Result "1/2-1/2"]
[WhiteElo "2062"]
[BlackElo "1986"]
[Annotator "NA RC"]
[PlyCount "58"]
[EventDate "2017.??.??"]
[EventType "swiss"]
[EventCountry "GCI"]
[SourceTitle "playchess.com"]
[Source "ChessBase"]
[SourceQuality "1"]
[TimeControl "40/6000+30:2400+30"]

{[%evp 8,58,50,33,15,30,45,0,4,-12,-15,-11,-12,-20,-18,-18,-12,-21,0,-22,-11,-9,0,0,-4,-10,0,-22,-10,-40,4,-25,29,20,26,37,31,11,32767,18,32767,21,12,26,0,14,0,-22,-12,-19,0,0,0]} 1. e4 {[%emt 0:00:00]} c6 {[%emt 0:00:24]} 2. Nc3 {[%emt 0:01:13]} d5 {[%emt 0:00:27]} 3. Nf3 {[%emt 0:00:27]} Nf6 {[%emt 0:00:26]} 4. Qe2 {[%emt 0:02:30]} dxe4 {[%emt 0:01:11]} 5. Nxe4 {[%emt 0:00:21]} Nxe4 {[%emt 0:00:16] LiveBook: 61 Games} 6. Qxe4 {[%emt 0:00:04]} Qd5 {[%emt 0:00:06] B11: Caro-Kann: Two Knights Variation} 7. Qxd5 {[%emt 0:08:23]} (7. Qh4 Qe6+ 8. Be2 Qg4 9. Qg3 Qxg3 10. hxg3 g6 11. d4 Bg7 12. Bh6 Bf6 13. Ne5 Be6 14. O-O-O {½-½ (46) Bacrot,E (2708)-Topalov,V (2749) Paris 2017}) 7... cxd5 {[%emt 0:00:30]} 8. Bb5+ {[%emt 0:00:39]} Bd7 {[%emt 0:00:08]} 9. Bxd7+ {[%emt 0:01:06]} Nxd7 {[%emt 0:00:09]} 10. d4 $146 {[%emt 0:00:14]} Rc8 {[%emt 0:09:43]} 11. c3 {[%emt 0:01:01]} e6 {[%emt 0:01:43]} 12. Bf4 {[%emt 0:09:44]} Be7 {[%emt 0:01:27]} 13. O-O {[%emt 0:00:55]} O-O {[%emt 0:00:20]} 14. a4 {[%emt 0:04:43]} Rc6 {[%emt 0:23:46]} 15. Rfc1 {[%emt 0:10:55]} Rfc8 {[%emt 0:06:57]} 16. Kf1 {[%emt 0:01:53]} f6 {[%emt 0:04:05]} 17. g4 {[%emt 0:09:26]} g5 {[%emt 0:13:17]} 18. Bg3 {[%emt 0:04:01]} Kg7 {[%emt 0:10:26]} 19. Re1 {[%emt 0:06:54]} Nf8 {[%emt 0:01:50]} ({Better is} 19... Kf7) 20. h4 {[%emt 0:02:25]} h6 {[%emt 0:02:07]} 21. Ke2 {[%emt 0:06:11]} Rb6 {[%emt 0:03:08]} 22. Reb1 {[%emt 0:02:47]} Ng6 {[%emt 0:01:46]} 23. h5 {[%emt 0:01:11]} Nh8 {[%emt 0:02:52]} 24. Kd3 {[%emt 0:04:28]} Nf7 {[%emt 0:00:28]} 25. Re1 {[%emt 0:03:24]} Nd8 {[%emt 0:12:23]} 26. Re2 {[%emt 0:00:35]} Kf7 {[%emt 0:00:32]} 27. Rae1 {[%emt 0:04:30]} Ra6 {[%emt 0:01:57]} 28. b3 {[%emt 0:03:38]} Rb6 {[%emt 0:02:03]} (28... Rac6 $5 {[%cal Rc6c3]} 29. Rc2 b6 $11) 29. Rb1 {[%emt 0:05:42]} a5 $11 {[%emt 0:02:02] Ke4} 1/2-1/2

[Event "43rd Guernsey Festival 2017"]
[Site "Vale"]
[Date "2017.10.18"]
[Round "4"]
[White "Rosen, Daniel B"]
[Black "Jackson, Oliver A"]
[Result "0-1"]
[WhiteElo "2042"]
[BlackElo "2168"]
[Annotator "TA"]
[PlyCount "52"]
[EventDate "2017.??.??"]
[EventType "swiss"]
[EventCountry "GCI"]
[SourceTitle "playchess.com"]
[Source "ChessBase"]
[SourceQuality "1"]

{[%evp 12,52,18,0,19,-2,0,0,0,0,0,-27,-34,-33,-26,-43,-18,-37,-22,-102,-95,-144,-85,-114,-117,-184,-77,-75,-93,-87,-82,-75,-83,-374,-361,-361,-325,-382,-389,-713,-702,-1070,-1080]} 1. e4 c5 2. Nc3 Nc6 3. g3 g6 4. Bg2 Bg7 5. d3 d6 6. Nge2 Nf6 7. O-O h5 {B25: Closed Sicilian: 3 g3, lines without early Be3} (7... O-O 8. a3 Rb8 9. Rb1 b6 10. b4 Bb7 11. h3 Nd7 12. Be3 Re8 13. Qd2 Ba8 14. f4 Rc8 15. g4 e6 {0-1 (65) Caruana,F (2807)-Kasparov,G (2812) Saint Louis 2017}) 8. h4 Bg4 9. Be3 e5 {The position is equal.} 10. Bg5 $146 ({Predecessor:} 10. f3 Be6 11. a3 Qd7 12. Qd2 Nd4 13. b4 b6 14. Rfb1 {½-½ (47) Ambrozi,P (2064)-Kostelny,J (2195) Slovakia 2009}) 10... Qd7 11. Bxf6 Bxf6 12. Nd5 Bg7 13. Ne3 Be6 14. Nc3 f5 15. exf5 (15. Ncd5 $11) 15... gxf5 $17 16. f4 O-O-O ({Black should play} 16... exf4 17. Rxf4 Be5) 17. Ncd5 exf4 18. Rxf4 (18. Nxf4 $17 Bxb2 19. Bxc6 bxc6 20. Rb1) 18... Bd4 (18... Rdg8 $19 {and Black stays clearly on top.} 19. c3 Be5) 19. c3 Bxd5 20. cxd4 Bxg2 21. Kxg2 Nxd4 {[#] aiming for ...Rde8.} 22. b4 $2 {[%mdl 8192]} (22. Nc2 $17) 22... Rde8 23. Qd2 Re7 24. Re1 Rhe8 25. Rff1 $2 {[#]} (25. Qc1) 25... Qc6+ $19 26. Kh3 Nf3 {Precision: White = 25%, Black = 75%.} 0-1

[Event "43rd Guernsey Festival 2017"]
[Site "Vale"]
[Date "2017.10.18"]
[Round "4"]
[White "Heppell, Ian N"]
[Black "Enkhtuul, Altan-Ulzii"]
[Result "0-1"]
[WhiteElo "2034"]
[BlackElo "2327"]
[Annotator "TA"]
[PlyCount "70"]
[EventDate "2017.??.??"]
[EventType "swiss"]
[EventCountry "GCI"]
[SourceTitle "playchess.com"]
[Source "ChessBase"]
[SourceQuality "1"]

{[%evp 9,70,0,0,0,33,24,20,18,51,42,39,10,46,10,45,33,51,53,68,24,35,35,46,39,41,43,56,-8,-8,0,0,-26,-34,-30,-40,-36,-37,-39,-13,-21,-4,-20,-23,-37,-29,-55,-54,-67,-38,-95,-78,-82,-49,-143,-125,-196,-191,-655,-650,-647,-625,-1143,-1073]} 1. e4 {[%cal Be2e4,Be4e5][%mdl 32]} Nf6 2. e5 Nd5 3. Nc3 e6 4. Bc4 (4. Nf3 d6 5. Nxd5 exd5 6. d4 Bg4 7. Be2 Be7 8. c3 O-O 9. O-O dxe5 10. Nxe5 Bxe2 11. Qxe2 Bd6 12. Qb5 Bxe5 13. dxe5 Nc6 14. Qxb7 Nxe5 {1-0 (34) Radlovacki,J (2475)-Djuric,S (2527) Belgrade 2016}) 4... Nb6 5. Be2 d6 6. Nf3 {B02: Alekhine's Defence: Chase Variation and lines with early Nc3} dxe5 $146 ({Predecessor:} 6... Nc6 7. d4 dxe5 8. dxe5 Qxd1+ 9. Bxd1 Nc4 10. Nb5 Bb4+ 11. c3 Ba5 {1-0 (23) Werner,C (2319)-Haselhorst,H (2089) Dresden 2012}) 7. Nxe5 Bd6 8. d4 {The position is equal.} O-O 9. O-O N8d7 {[%cal Bb8d7,Bd7f6,Bf6d5][%mdl 32]} 10. Bf4 Nf6 11. Bf3 c6 (11... Nfd5 $5 {[%cal Rd5f4]} 12. Bg3 Nxc3 13. bxc3 c6 $14) 12. Bg3 Nfd5 13. Ne4 Bc7 {White should prevent ...f5.} 14. c4 (14. Nc5 {is more complex.} Ne7 15. c3 Nbd5 16. Re1 Nf5 17. Qc2) 14... Bxe5 15. dxe5 Nxc4 16. Qe2 Ncb6 17. Rfd1 Qe7 18. Nd6 ({White should play} 18. Bh5 $14) 18... f5 $11 19. exf6 gxf6 20. Bg4 e5 21. Nf5 Bxf5 22. Bxf5 Kh8 23. Re1 Qf7 24. Rad1 Rae8 25. Qf3 Ne7 26. Bb1 Nbd5 27. Re4 Ng6 {[#] Threatens to win with ...f5.} 28. Qf5 Rd8 {And now ...Ne3! would win.} 29. Rde1 (29. Ree1 $15) 29... Nde7 30. Qh5 Kg8 31. f4 ({Better is} 31. Rb4 $15 b5 32. Bc2) 31... f5 $36 {[%mdl 2048] Black is really pushing.} 32. Rb4 (32. Ra4 $17 {was worth a try.}) 32... Nd5 $19 ({Much less strong is} 32... exf4 33. Bf2 $17) 33. fxe5 $2 {[#]} (33. Ra4 e4 34. Qh6) 33... Nxb4 {Black is clearly winning.} 34. e6 Qe7 35. Bxf5 Qc5+ {Precision: White = 37%, Black = 44%.} 0-1

[Event "43rd Guernsey Festival 2017"]
[Site "Vale"]
[Date "2017.10.18"]
[Round "4"]
[White "Prins, Jan"]
[Black "Le Roux, Jean-Pierre"]
[Result "0-1"]
[WhiteElo "2025"]
[BlackElo "2554"]
[Annotator "TA"]
[PlyCount "68"]
[EventDate "2017.??.??"]
[EventType "swiss"]
[EventCountry "GCI"]
[SourceTitle "playchess.com"]
[Source "ChessBase"]
[SourceQuality "1"]

{[%evp 9,68,17,45,42,56,58,58,35,36,27,18,20,24,28,63,52,75,70,77,58,55,62,67,-91,-92,-90,-79,-69,-38,-50,-38,-52,-36,-54,-47,-41,-34,-63,1,-207,-254,-271,-245,-215,-51,-334,-349,-356,-345,-588,-547,-1687,-1685,-1569,-1495,-29965,-29967,-29976,-29977,-29978,-29979]} 1. d4 Nf6 2. c4 {[%cal Bc2c4,Bc4b5][%mdl 32]} c5 3. d5 b5 4. cxb5 a6 5. bxa6 g6 6. Nc3 {A58: Benko/Volga Gambit: Lines with 5 bxa6} Bg7 7. e4 (7. g3 d6 8. Bg2 O-O 9. Nf3 Nbd7 10. O-O Nb6 11. e4 Bxa6 12. Re1 Nc4 13. Bf1 Nd7 14. Nd2 Nde5 15. Nxc4 Nxc4 16. Bd3 Qb6 17. Rb1 Rfb8 18. Na4 Qb4 19. Kg2 Ne5 20. Bd2 {0-1 (53) Harika,D (2528)-Kramnik,V (2803) Douglas 2017}) 7... O-O 8. a7 {White is slightly better.} Rxa7 9. Bd3 e6 $146 ({Predecessor:} 9... Ba6 10. Nge2 Bxd3 11. Qxd3 Na6 12. O-O Qa8 13. f4 e6 14. d6 Qc6 15. e5 Ng4 16. Qc4 {½-½ (16) Zuo,Y-Bin Suhayl,I (1728) Durban 2014}) 10. Nge2 exd5 11. exd5 d6 12. O-O Na6 {[%cal Bb8a6,Ba6b4,Bb4c2][%mdl 32]} 13. Nb5 $1 {[%cal Rb5a7]} Rb7 14. a4 Ng4 15. h3 Ne5 16. f4 $2 (16. Nec3 $1 $14) 16... Nxd3 $17 17. Qxd3 Nb4 18. Qf3 Re8 {[%mdl 1024] Black has compensation.} 19. Ng3 Nc2 20. Rb1 f5 21. Kh2 Rbe7 22. Bd2 Bb7 $36 {[%mdl 2048] Black has some pressure.} 23. b4 c4 (23... h5 $15) 24. Rf2 $2 (24. Qf2 $11 {and White has nothing to worry.}) 24... Ne3 $1 $19 25. Bxe3 Rxe3 26. Qd1 {[#]} Qb6 $2 ({Black should try} 26... Qh4 $1 $19 {[%cal Rh4g3]} 27. Nh1 R8e4) 27. Re2 $2 {[%mdl 8192] [#]} (27. Qf1 $15) 27... Rxe2 $1 28. Nxe2 Qf2 29. Nbc3 $2 (29. Ng1 c3 30. Qf1) 29... Re3 30. Rc1 Bxc3 31. Nxc3 Qg3+ 32. Kh1 Rxc3 {Black mates.} 33. Rxc3 Qxc3 34. Qe2 Qc1+ {Precision: White = 41%, Black = 58%.} 0-1

[Event "43rd Guernsey Festival 2017"]
[Site "Vale"]
[Date "2017.10.18"]
[Round "4"]
[White "Thurlow, Kevin J"]
[Black "Curtis, John E"]
[Result "1/2-1/2"]
[WhiteElo "2009"]
[BlackElo "2093"]
[Annotator "NA RC"]
[PlyCount "36"]
[EventDate "2017.??.??"]
[EventType "swiss"]
[EventCountry "GCI"]
[SourceTitle "playchess.com"]
[Source "ChessBase"]
[SourceQuality "1"]
[TimeControl "40/6000+30:2400+30"]

{[%evp 8,36,19,3,15,32767,19,-3,0,-10,-3,-29,-32,-45,-34,-34,-30,-23,0,-17,0,-12,19,0,1,-13,-8,-30,-23,0,0]} 1. c4 {[%emt 0:00:00]} e5 {[%emt 0:00:11]} 2. Nc3 {[%emt 0:00:00]} d6 {[%emt 0:00:15]} 3. e3 {[%emt 0:00:28]} f5 {[%emt 0:00:55]} 4. g3 {[%emt 0:00:12]} Nf6 {[%emt 0:00:19]} 5. Bg2 {[%emt 0:00:10]} Be7 {[%emt 0:00:08]} 6. Nge2 {[%emt 0:00:17]} O-O {[%emt 0:00:10]} 7. d4 {[%emt 0:00:23]} Na6 {[%emt 0:02:06] A21: English Opening: 1...e5 2 Nc3} 8. a3 $146 {[%emt 0:10:54]} ({Predecessor:} 8. O-O c6 9. Rb1 Nc7 10. b4 Be6 11. b5 Bxc4 12. bxc6 b5 13. a4 a6 14. d5 Rb8 15. Rb4 {1-0 (60) Kovalyov,A (2606)-Arencibia Rodriguez,W (2526) Montreal 2013}) 8... c6 {[%emt 0:00:45] LiveBook: 6 Games} 9. b4 {[%emt 0:01:15]} Nc7 {[%emt 0:02:35]} 10. b5 {[%emt 0:15:35]} e4 {[%emt 0:11:03]} 11. Qb3 {[%emt 0:10:15]} d5 {[%emt 0:08:27]} 12. cxd5 {[%emt 0:05:07]} cxd5 {[%emt 0:02:03]} 13. h4 {[%emt 0:00:18]} Ne6 {[%emt 0:03:44]} 14. Bh3 {[%emt 0:04:45]} g6 {[%emt 0:01:36]} 15. a4 {[%emt 0:09:24]} a5 {[%emt 0:14:34]} 16. Ba3 {[%emt 0:03:37]} (16. bxa6 $5 b6 17. a7 $15) 16... Bxa3 {[%emt 0:02:17]} 17. Rxa3 {[%emt 0:00:13]} b6 {[%emt 0:02:34]} 18. O-O {[%emt 0:02:26]} Qd6 $11 {[%emt 0:04:17]} 1/2-1/2